A pikkelysömör

Elmentve itt :
Bibliográfiai részletek
Szerző: Csörgő Sándorné Bata Zsuzsanna
Dokumentumtípus: Cikk
Megjelent: 2005
Sorozat:ORVOSTOVÁBBKÉPZŐ SZEMLE 12 No. Ksz. ápr.
Tárgyszavak:
mtmt:1382592
Online Access:http://publicatio.bibl.u-szeged.hu/30776
LEADER 00647nab a2200193 i 4500
001 publ30776
005 20241022143309.0
008 241022s2005 hu o 000 hun d
022 |a 1218-2583 
024 7 |a 1382592  |2 mtmt 
040 |a SZTE Publicatio Repozitórium  |b hun 
041 |a hun 
100 2 |a Csörgő Sándorné Bata Zsuzsanna 
245 1 2 |a A pikkelysömör  |h [elektronikus dokumentum] /  |c  Csörgő Sándorné Bata Zsuzsanna 
260 |c 2005 
300 |a 29-32 
490 0 |a ORVOSTOVÁBBKÉPZŐ SZEMLE  |v 12 No. Ksz. ápr. 
650 4 |a Klinikai orvostan 
856 4 0 |u http://publicatio.bibl.u-szeged.hu/30776/1/aok_klny_401_05.pdf  |z Dokumentum-elérés